Štúdium spájkovateľnosti korózievzdornej ocele s meďou mäkkými spájkami

Saved in:
Bibliographic Details
Main Author: Kopčanová, Lucia (Author)
Other Authors: Hodúlová, Erika (Thesis advisor)
Format: Manuscript Book
Language:Slovak
Published: 2020
Subjects:
Online Access:http://is.stuba.sk/zp/portal_zp.pl?podrobnosti=141345
Tags: Add Tag
No Tags, Be the first to tag this record!

MARC

LEADER 00000ntm a22000003a 4500
001 stuzp78364
003 SK-STU
005 20200718210826.0
007 ta
008 150427s2015----xo-----f-mn---000-0-slo-d
040 |a STU  |b slo 
041 0 |a slo 
100 1 |a Kopčanová, Lucia  |u 063000  |4 aut  |U MTF Materiálovotechnologická fakulta  |T MTF Ústav výrobných technológií  |X 86717  |U M3000  |Y 83  |7 86717 
242 0 1 |a Study of solderability of stainless steels to copper  |y eng 
245 1 0 |a Štúdium spájkovateľnosti korózievzdornej ocele s meďou mäkkými spájkami 
260 |c 2020 
650 4 |a korózievzdorná oceľ  |2 slo 
650 4 |a meď  |2 slo 
650 4 |a aktívna spájka  |2 slo 
650 4 |a spájkovanie ultrazvukom  |2 slo 
650 4 |a stainless steel  |2 eng 
650 4 |a copper  |2 eng 
650 4 |a active solder  |2 eng 
650 4 |a ultrasonic soldering  |2 eng 
700 1 |a Hodúlová, Erika  |u 063100  |k Z2  |4 ths  |U MTF Ústav výrobných technológií  |T MTF Katedra zvárania a spájania materiálov  |X 2765  |U M3100  |Y 162  |7 A000002765 
856 4 |u http://is.stuba.sk/zp/portal_zp.pl?podrobnosti=141345 
996 |c M* BP-8879  |l MMSKP  |s P  |a 0  |w stuzp78364_0001